Teatro critico universal, o discursos varios en todo género de materias, para desengaño de errores comunes (Record no. 8569)

MARC details
000 -CABECERA
campo de control de longitud fija 01112nam a2200241 a 4500
001 - NÚMERO DE CONTROL
campo de control BRCA_8918
005 - FECHA Y HORA DE LA ÚLTIMA TRANSACCIÓN
campo de control 20190320210446.0
008 - DATOS DE LONGITUD FIJA--INFORMACIÓN GENERAL
campo de control de longitud fija 220617s1773----sp-#######---#000-0#spa-#
041 ## - CÓDIGO DE LENGUA
Código de lengua del texto/banda sonora o título independiente spa
044 ## - CÓDIGO DEL PAÍS DE LA ENTIDAD EDITORA/PRODUCTORA
Código MARC del país sp
084 ## - OTRO NÚMERO DE CLASIFICACIÓN
Número de clasificación CO88
Número de documento/Ítem .F49 1773
100 1# - ENTRADA PRINCIPAL--NOMBRE DE PERSONA
Nombre de persona Feyjoó y Montenegro, Benito Geronymo
Fechas asociadas al nombre 1676 - 1764
9 (RLIN) 21713
245 10 - MENCIÓN DE TÍTULO
Título Teatro critico universal, o discursos varios en todo género de materias, para desengaño de errores comunes
Mención de responsabilidad, etc. escrito por el muy ilustre señor D. Fr. Benito Geronymo Feyjoó y Montenegro.
260 ## - PUBLICACIÓN, DISTRIBUCIÓN, ETC.
Lugar de publicación, distribución, etc. Madrid
Nombre del editor, distribuidor, etc. por D. Joachin Ibarra, Impresor de Cámara de S. M.
Fecha de publicación, distribución, etc. 1773
300 ## - DESCRIPCIÓN FÍSICA
Extensión XXXII, 439 p. (t.2)
Dimensiones 21.4 x 15.5 cm
500 ## - NOTA GENERAL
Nota general Con las licencias necesarias
500 ## - NOTA GENERAL
Nota general Estado físico: presenta encuadernación en pergamino deteriorado, carece de cintas y con presencia del pez de plata
500 ## - NOTA GENERAL
Nota general En portada: A costa de la Real Compañía de Impresores. y Libreros
500 ## - NOTA GENERAL
Nota general En portada: Nueva impresión, en la qual van puestas las adiciones del suplemento en sus lugares.
650 14 - PUNTO DE ACCESO ADICIONAL DE MATERIA--TÉRMINO DE MATERIA
Término de materia o nombre geográfico como elemento de entrada Teatro
Subdivisión cronológica Siglo XVIII
Subdivisión geográfica España
9 (RLIN) 22177
902 ## - CATALOGADOR
Iniciales CFM
942 ## - ELEMENTOS DE PUNTO DE ACCESO ADICIONAL (KOHA)
Fuente del sistema de clasificación o colocación Library of Congress Classification
Tipo de ítem Koha Libros
Holdings
Estado de retiro Estado de pérdida Estado dañado No para préstamo Localización permanente Ubicación/localización actual Fecha de adquisición Total de préstamos Signatura topográfica completa Código de barras Fecha visto por última vez Precio válido a partir de Tipo de ítem Koha
El ejemplar forma parte de la colección y puede ser consultado según las políticas vigentes.       Biblioteca del Museo Franz Mayer (Rogerio Casas-Alatriste) Biblioteca del Museo Franz Mayer (Rogerio Casas-Alatriste) 22/06/2017   CO88 .F49 1773 CFM00240 22/03/2019 22/03/2019 Libros